000 00724nam a2200181Ia 4500
008 151202s9999||||xx |||||||||||||| ||und||
082 _bPNVM-484
100 _aगद्रे अ. ह. संपा.
245 _aअच्युतराव कोल्हटकर स्मारक ग्रंथ 3.
260 _bअ.ह.गद्रे.
260 _c0
300 _a0
600 _aगद्रे अ. ह. संपा.
630 _aअच्युतराव कोल्हटकर स्मारक ग्रंथ 3.
700 _aगद्रे अ. ह. संपा.
730 _aअच्युतराव कोल्हटकर स्मारक ग्रंथ 3.
942 _cBOOK
999 _c1266482
_d1266479